Statistics for 100 Biggest Cities in Europe with a Satellite Map

Click here to take the quiz!

General Stats

  • This quiz has been taken 392 times
  • The average score is 78 of 97

Answers on the Map

Answers color-coded by a green-red scale on the quiz's map according to % correct below.
 

Answer Stats

PopulationAnswer% Correct
14.8mLondon
99%
3.35mAthens
98%
4.73mBerlin
98%
16.0mIstanbul
98%
6.55mMadrid
98%
17.3mMoscow
98%
11.4mParis
98%
3.58mRome
98%
4.78mBarcelona
97%
1.39mDublin
97%
1.19mOslo
97%
2.23mStockholm
97%
1.30mHelsinki
96%
5.65mSaint Petersburg
96%
2.48mAmsterdam
95%
1.68mCopenhagen
95%
3.48mKiev
95%
3.05mManchester
95%
6.20mMilan
95%
2.70mBrussels
94%
2.63mBudapest
94%
2.48mLisbon
94%
2.25mMunich
94%
2.25mVienna
94%
2.38mWarsaw
94%
935kEdinburgh
93%
1.68mGlasgow
93%
4.23mNaples
93%
1.88mLiverpool
92%
2.20mBucharest
91%
2.88mHamburg
91%
1.30mSofia
91%
809kZagreb
91%
1.66mMarseille
90%
1.54mPorto
90%
3.25mRotterdam / The Hague
90%
1.42mBelgrade
89%
3.25mFrankfurt am Main
89%
1.98mLyon
89%
946kNice
89%
1.44mPrague
89%
3.15mBirmingham
88%
1.29mSeville
88%
1.01mFlorence
87%
1.84mValencia
87%
2.00mMinsk
86%
1.43mZürich
86%
1.64mTurin
85%
1.08mBordeaux
84%
960kCardiff
84%
2.18mLeeds
84%
872kTirana
84%
900kPalermo
83%
911kBilbao
82%
1.22mAntwerp
81%
791kGeneva
81%
708kGothenburg
80%
1.48mNewcastle
80%
2.40mStuttgart
80%
1.04mToulouse
80%
904kGdańsk
78%
819kKraków
78%
1.29mLille
78%
1.11mOdessa
76%
806kThessaloniki
76%
926kBristol
75%
834kDresden
74%
1.03mMálaga
74%
1.57mSheffield
74%
1.00mBremen
72%
716kNantes
72%
1.15mHanover
71%
1.20mNuremberg
71%
1.16mSouthampton
71%
726kZaragoza
71%
748kLeipzig
68%
1.38mNottingham
68%
1.64mKharkiv
66%
1.44mDonetsk
65%
1.41mVolgograd
64%
725kLviv
63%
829kŁódź
62%
771kBasel
61%
1.30mRostov-on-Don
61%
995kUtrecht
61%
1.73mNizhny Novgorod
60%
704kCatania
59%
1.39mDnipro
58%
712kLeicester
58%
1.58mMannheim
57%
813kAachen
47%
712kCoventry
46%
915kKrasnodar
42%
935kBielefeld
40%
907kSaarbrücken
40%
1.06mVoronezh
36%
739kZaporizhia
28%

Score Distribution

Percentile by Number Answered

Percent of People with Each Score

Your Score History

You have not taken this quiz